000 00599nam a2200205 a 4500
001 27808
003 Mx-PuUPA
005 20240912094427.0
008 140415s2007 000 0 spa d
020 _a9786079960063
040 _cMx-PuUPA
_aMx-PuUPA
041 0 _aspa
082 _a576.163
_bESE
100 1 _aVilla, Ana Cristina,
_eautor
245 1 0 _aUn grandísimo prodigio del Logos sapiente/
_cAna Cristina Villa
250 _aEditorial NUN
264 1 _aCiudad de México :
_bEditorial NUN,
_c©2022
942 _cLI
_2ddc
999 _c27808
_d27808